Manual de pronunciación española / (Record no. 125621)

MARC details
000 -LEADER
campo de control de longitud fija 00948nam a2200253 i 4500
001 - NÚMERO DE CONTROL
campo de control 125621
003 - IDENTIFICADOR DE NÚMERO DE CONTROL
campo de control ES-MaACL
005 - FECHA Y HORA DE LA ÚLTIMA TRANSACCIÓN
campo de control 20250930063119.0
007 - CAMPO FIJO DE DESCRIPCIÓN FÍSICA--INFORMACIÓN GENERAL
campo de control de longitud fija t|
008 - DATOS DE LONGITUD FIJA--INFORMACIÓN GENERAL
campo de control de longitud fija 070621s1968 sp ||||1| spa d
080 ## - NÚMERO DE LA CLASIFICACIÓN DECIMAL UNIVERSAL
Número de la Clasificación Decimal Universal 811.134.2'355
100 ## - ENTRADA PRINCIPAL--NOMBRE DE PERSONA
Nombre de persona Navarro Tomás, Tomás,
Fechas asociadas al nombre 1884-1979
9 (RLIN) 226508
245 10 - MENCIÓN DEL TÍTULO
Título Manual de pronunciación española /
Mención de responsabilidad, etc. Tomás Navarro Tomás.
250 ## - MENCION DE EDICION
Mención de edición 14ª ed.
260 ## - PUBLICACIÓN, DISTRIBUCIÓN, ETC.
Lugar de publicación, distribución, etc. Madrid :
Nombre del editor, distribuidor, etc. Consejo Superior de Investigaciones Científicas, Instituto "Miguel de Cervantes",
Fecha de publicación, distribución, etc. 1968.
300 ## - DESCRIPCIÓN FÍSICA
Extensión 326 p. :
Otras características físicas il. ;
Dimensiones 20 cm.
490 1# - MENCIÓN DE SERIE
Mención de serie Publicaciones de la Revista de Filología Española ;
Designación de volumen o secuencia 3
500 ## - NOTA GENERAL
Nota general Biblioteca Jacinto Martínez Lacalle.
650 #4 - PUNTO DE ACCESO ADICIONAL DE MATERIA--TÉRMINO DE MATERIA
Término de materia o nombre geográfico como elemento de entrada Lengua española-
Subdivisión general Fonética.
9 (RLIN) 14160
710 2# - ENTRADA AGREGADA--NOMBRE DE ENTIDAD CORPORATIVA
Nombre de entidad corporativa o nombre de jurisdicción como elemento de entrada Instituto "Miguel de Cervantes"
9 (RLIN) 5133
830 0# - PUNTO DE ACCESO ADICIONAL DE SERIE-TÍTULO UNIFORME
Título uniforme Publicaciones de la Revista de Filología Española ;
Designación de volumen o secuencia 3
9 (RLIN) 186653
852 ## - LOCALIZACIÓN
Ubicación ES-MaACL
Número de control de estantería E-11741
Sublocalización o colección R.139788
Holdings
Estatus retirado Estado de pérdida Estado de daño No para préstamo Biblioteca de origen Biblioteca actual Ubicación en estantería Fecha de adquisición Fuente de adquisición Total de préstamos Signatura topográfica completa Código de barras Visto por última vez Precio de reemplazo Tipo de ítem Koha
        Biblioteca del Ateneo de Madrid Biblioteca del Ateneo de Madrid Depósito 2 17/01/2008     E-11741 1130860 23/02/2023 23/02/2023 Libro impreso